Statistics for Sam Smith Charting Songs (Billboard Hot 100)

Click here to take the quiz!

General Stats

  • This quiz has been taken 16 times
    (6 since last reset)
  • The average score is 13 of 18

Answer Stats

AlbumWeeks OnPeakArtist(s)Song% Correct
In The Lonely Hour54 Weeks#2Sam SmithStay With Me
100%
Love Goes4 Weeks#36Sam Smith & Demi LovatoI'm Ready
100%
Love Goes45 Weeks#7Sam Smith & NormaniDancing With a Stranger
100%
Settle33 Weeks#7Disclosure ft. Sam SmithLatch
100%
Love Goes20 Weeks#24Sam SmithHow Do You Sleep?
100%
Caracal6 Weeks#64Disclosure ft. Sam SmithOmen
75%
The Thrill of It All2 Weeks#55Sam Smith ft. LogicPray
75%
The Thrill of It All24 Weeks#4Sam SmithToo Good at Goodbyes
75%
In The Lonely Hour2 Weeks#99Sam SmithLike I Can
75%
Hotel Cabana20 Weeks#19Naughty Boy ft. Sam SmithLa La La
75%
In The Lonely Hour20 Weeks#8Sam SmithLay Me Down
75%
In The Lonely Hour37 Weeks#5Sam SmithI'm Not the Only One
75%
Love Goes12 Weeks#65Calvin Harris & Sam SmithPromises
50%
Non-Album Single2 Weeks#71Sam SmithWriting's on the Wall
50%
In The Lonely Hour1 Week#92Sam SmithLeave Your Lover
50%
Love Goes20 Weeks#39Sam SmithDiamonds
50%
Love Goes6 Weeks#46Sam SmithTo Die For
25%
Non-Album Single1 Week#90Sam SmithHave Yourself a Merry Little Christmas
25%

Score Distribution

Percentile by Number Answered

Percent of People with Each Score

Your Score History

You have not taken this quiz since the last reset